000
00204nam a2200085 4500
001
1257645
005
20260217134042.0
245
_a
BALKAN FATİHİ SULTAN 2. MURAT
_c
İSMAİL BİLGİN
260
_b
ERDEM ÇOCUK
999
_c
1257645
_d
1257645